000 00873nam a2200229 i 4500
001 53343
003 ES-MaACL
005 20250716124236.0
007 t|
008 960805q18411843sp ||||1| spa d
040 _aCAM
_bspa
_cCAM
245 0 0 _aEscenas de la vida privada y pública de los animales.
260 _a[Madrid] :
_b[s.n.,
_cs.a.] (
_fEstablecimiento tipográfico C. del Sordo, 11)
300 _a[2], 478 p. :
_bil. ;
_c19 cm.
500 _aEl establecimiento tipográfico de la Calle del Sordo 11 trabajó entre 1841 y 1843.
500 _aNumerosas h. de lám.: "Castelló y Zarza"
530 _aDisponible en formato digital.
852 _aES-MaACL
_jG-13891
_cSPP3
_zRevisado enlace: 16 de julio de 2025
856 4 _uhttp://bdh-rd.bne.es/viewer.vm?id=0000206289&page=1
_y(Biblioteca Digital Hispánica)
942 _2udc
999 _c53343
_d53343